Statistics for Former Colonies

Click here to take the quiz!

General Stats

  • This quiz has been taken 330 times
  • The average score is 8 of 10

Answer Stats

HintAnswer% Correct
ChadFrance
95%
GuyanaGreat Britain
93%
LibyaItaly
93%
Democratic Republic of CongoBelgium
92%
São Tomé and PríncipePortugal
90%
IndonesiaNetherlands
89%
Equatorial GuineaSpain
89%
PhilippinesUSA
86%
TogoGermany
78%
US Virgin IslandsDenmark
41%

Score Distribution

Percentile by Number Answered

Percent of People with Each Score

Your Score History

You have not taken this quiz